000 00245nam a2200109Ia 4500
008 190216s9999||||xx |||||||||||||| ||und||
100 _aAntony
245 0 _aKallyana Chitti
260 _bNbs Kottayam
650 _aMalayalam Nadakam
942 _cBK
999 _c23597
_d23597